Оттиски статей подаренные А. Г. Стромбергу (с дарственными надписями), изданные в отечественной периодической печати

Bibliographische Detailangaben
Sprache:Russisch
Veröffentlicht: [Б. м.], [Б. и.], [Б. г.]
Schlagworte:
Format: MixedMaterials Buch
KOHA link:https://koha.lib.tpu.ru/cgi-bin/koha/opac-detail.pl?biblionumber=349590

MARC

LEADER 00000nam0a2200000 4500
001 349590
005 20231102010222.0
035 |a (RuTPU)RU\TPU\retro\2327 
090 |a 349590 
100 |a 20180730f k y0rusy50 ca 
101 0 |a rus 
102 |a RU 
105 |a a z 001zy 
200 1 |a Оттиски статей подаренные А. Г. Стромбергу (с дарственными надписями), изданные в отечественной периодической печати 
210 |a [Б. м.]  |c [Б. и.]  |d [Б. г.] 
215 |a 36 бр.  |c ил. 
320 |a Библиогр. в конце ст. 
606 1 |a Электрохимия  |2 stltpush  |3 (RuTPU)RU\TPU\subj\21014  |9 46066 
610 1 |a оттиски 
610 1 |a научные статьи 
610 1 |a библиотека А. Г. Стромберга 
610 1 |a дарственные надписи 
675 |a 544.6  |v 4 
801 1 |a RU  |b 63413507  |c 20180730 
801 2 |a RU  |b 63413507  |c 20181224  |g RCR 
942 |c BK